000 01540nam a2200265Ia 4500
999 _c55624
_d55624
001 22719
003 GE_BSU
005 20221219170719.0
008 181216s2009||||ge |||||||||||||| ||geo||
020 _a9789941416040
040 _cGE_BSU
041 _ageo
080 _a615.214 ო-49
245 _aოპიოიდური დამოკიდებულების ფსიქოსოციალურ დახმარებასთან კომბინირებული ფარმაკოლოგიური მკურნალობის სახელმძღვანელო /
_c[თარგმ. თამარ ახვლედიანი ; ქართ. გამოც. რედ. ხათუნა თოდაძე] ; საქ. ნარკოლოგიის ს/კ ინ-ტი, ჯანდაცვის მსოფლიო ორგანიზაცია.
250 _aI-ლი ქართ. გამოცემა
264 _aთბილისი :
_bნეკერი,
_c2009.
300 _a120 გვ;
_b29 სმ.
504 _aბიბლიოგრ.: გვ. 105-120.
541 _h5ლ.
653 _aმედიცინა
653 _aფსიქოფარმაკოლოგიური საშუალებები.
700 _aახვლედიანი, თამარ
_eმთარგმნელი
_916506
700 _aთოდაძე, ხათუნა
_eრედაქტორი
_916507
942 _cBK
_2udc